Raoul Walsh el cine en sus manos / (Registro nro. 37266)
[ vista simple ]
| 000 -CABECERA | |
|---|---|
| campo de control de longitud fija | 00638nam a2200205 a 4500 |
| 001 - NÚMERO DE CONTROL | |
| campo de control | 000037776 |
| 005 - FECHA Y HORA DE LA ÚLTIMA TRANSACCIÓN | |
| campo de control | 20201002031119.0 |
| 008 - DATOS DE LONGITUD FIJA--INFORMACIÓN GENERAL | |
| campo de control de longitud fija | 130306s1974 sp c 000 0 spa d |
| 020 ## - NÚMERO INTERNACIONAL ESTÁNDAR DEL LIBRO | |
| Número Internacional Estándar del Libro | 8495121408 |
| 040 ## - FUENTE DE LA CATALOGACIÓN | |
| Centro catalogador/agencia de origen | DO-SdBNP |
| Lengua de catalogación | spa |
| Centro/agencia transcriptor | BNPHU |
| 100 1# - ENTRADA PRINCIPAL--NOMBRE DE PERSONA | |
| Nombre de persona | Walsh, Raoul |
| 9 (RLIN) | 64227 |
| 240 10 - TÍTULO UNIFORME | |
| Título uniforme | Each man in his time |
| Lenguaje de la obra | inglés |
| 245 10 - MENCIÓN DE TÍTULO | |
| Título | Raoul Walsh el cine en sus manos / |
| Mención de responsabilidad, etc. | Raoul Walsh ; traductor Francisco Delgado. |
| 260 ## - PUBLICACIÓN, DISTRIBUCIÓN, ETC. | |
| Lugar de publicación, distribución, etc. | Madrid : |
| Nombre del editor, distribuidor, etc. | Eurocolor, |
| Fecha de publicación, distribución, etc. | 1974. |
| 300 ## - DESCRIPCIÓN FÍSICA | |
| Extensión | 366 p. : |
| Otras características físicas | retrs. ; |
| Dimensiones | 25 cm. |
| 490 1# - MENCIÓN DE SERIE | |
| Mención de serie | Clásicos |
| 504 ## - NOTA DE BIBLIOGRAFÍA, ETC. | |
| Nota de bibliografía, etc. | Bibliografía : p. 347-348 |
| 700 1# - PUNTO DE ACCESO ADICIONAL--NOMBRE DE PERSONA | |
| Nombre de persona | Delgado, Francisco, |
| Término indicativo de función/relación | trad. |
| 9 (RLIN) | 64228 |
| 830 #0 - PUNTO DE ACCESO ADICIONAL DE SERIE-TÍTULO UNIFORME | |
| Título uniforme | Clásicos |
| 9 (RLIN) | 9850 |
| Estado de retiro | Estado de pérdida | Restricciones de uso | No para préstamo | Código de colección | Localización permanente | Ubicación/localización actual | Ubicación en estantería | Fecha de adquisición | Número de inventario | Total de préstamos | Signatura topográfica completa | Código de barras | Fecha visto por última vez | Precio válido a partir de | Tipo de ítem Koha |
|---|---|---|---|---|---|---|---|---|---|---|---|---|---|---|---|
| Monografías: Libros y Folletos | General | General | En catalogación | 06.03.2013 | LF1 | 37776-10 | 25.06.2020 | 25.06.2020 | Préstamo en sala |
